| 000 | 00975nam a2200253 i 4500 | ||
|---|---|---|---|
| 001 | 10422 | ||
| 003 | ES-MaACL | ||
| 005 | 20250808062707.0 | ||
| 008 | 950612m1986 sp ||||1| spa d | ||
| 020 | _a84-220-0997-8 | ||
| 080 | _a27-9"01/07"-284 | ||
| 245 | 0 | 0 |
_aPatrología. _n3, _pLa edad de oro de la literatura patrística latina / _cpor profesores del Instituto Patrístico Augustinianum de Roma, bajo la dirección de Angelo di Berardino ; presentación de Johannes Quasten ; [traducción por J.M. Guirau]. |
| 250 | _a2ª ed. | ||
| 260 |
_aMadrid : _bLa Editorial Católica, _c1986. |
||
| 300 |
_a1 v. (XXIV, 790 p.) ; _c20 cm. |
||
| 490 | 1 |
_aBiblioteca de autores cristianos ; _v422 |
|
| 650 |
_aPatrística. _915895 |
||
| 700 | 1 |
_aDi Berardino, Angelo. _9172316 |
|
| 700 | 1 |
_aQuasten, Johannes. _994490 |
|
| 700 | 1 |
_aGuirau, J. M. _9140511 |
|
| 830 | 1 | 0 |
_aBiblioteca de autores cristianos _v422 _9178679 |
| 852 |
_aES-MaACL _jJ-412 |
||
| 999 |
_c10422 _d10422 |
||